DRAF CADANGAN PENGUBAHAN (1) RANCANGAN TEMPATAN PETALING JAYA 1 (1997 - 2010) : PETA CADANGAN & PERNYATAAN BERTULIS

Bibliographic Details
Format: Book

MARC

LEADER 00000cam a2200000 7i4500
001 0000281651
005 20250206174947.0
006 ao ### ###
007 ta
008 250206n my s may
020 |a 9839995170 
040 |a MBPJ   |b eng   |c MBPJ   |e rda 
090 0 |a PEL 006 
110 2 |a Majlis Bandaraya Petaling Jaya   |e issuing body 
245 0 0 |a DRAF CADANGAN PENGUBAHAN (1) RANCANGAN TEMPATAN PETALING JAYA 1 (1997 - 2010) :   |b PETA CADANGAN & PERNYATAAN BERTULIS   |c Majlis Bandaraya Petaling Jaya 
264 0 |a Petaling Jaya :   |b Majlis Bandaraya Petaling Jaya   |c [date of publication not identified] 
300 |a 35 pages :   |b colour photographs and plan ;   |c 30 cm. 
336 |a still image  |2 rdacontent 
337 |a unmediated  |2 rdamedia 
338 |a volume  |2 rdacarrier 
500 |a Dokumen terbitan MBPJ - pelan/peta (05/06/2020) 
999 |a BA0014/20   |b DOKUMEN TERBITAN MBPJ   |c KOLEKSI BAHAN ARKIB   |e PERPUSTAKAAN KOMUNITI PETALING JAYA